Gartside`s Model Business Letters & Other Business Documents (Record no. 7496)
[ view plain ]
| 000 -LEADER | |
|---|---|
| fixed length control field | 00386nam a2200157Ia 4500 |
| 008 - FIXED-LENGTH DATA ELEMENTS--GENERAL INFORMATION | |
| fixed length control field | 221030s9999 xx 000 0 und d |
| 020 ## - INTERNATIONAL STANDARD BOOK NUMBER | |
| ISBN | 8178080265 |
| 041 ## - LANGUAGE CODE | |
| Language code of text/sound track or separate title | |
| 082 ## - DEWEY DECIMAL CLASSIFICATION NUMBER | |
| Classification number | 105.23 |
| Item number | Tay |
| 100 ## - MAIN ENTRY--AUTHOR NAME | |
| Personal name | S. Taylor |
| 245 #0 - TITLE STATEMENT | |
| Title | Gartside`s Model Business Letters & Other Business Documents |
| Statement of responsibility, etc | by S. Taylor |
| 260 ## - PUBLICATION, DISTRIBUTION, ETC. (IMPRINT) | |
| Year of publication | 2000 |
| 300 ## - PHYSICAL DESCRIPTION | |
| Number of Pages | 388 |
| 650 ## - SUBJECT ADDED ENTRY--TOPICAL TERM | |
| Topical Term | English |
| 942 ## - ADDED ENTRY ELEMENTS (KOHA) | |
| Koha item type | Books |
| Accession Number | Full call number | Price effective from | Koha item type | Withdrawn / writtenoff status | Materials specified (bound volume or other part) | Damaged status | Not for loan | Permanent Location | Current Location | Shelving location | Date acquired | Lost/ Missing status | department | Cost, normal purchase price |
|---|---|---|---|---|---|---|---|---|---|---|---|---|---|---|
| BE 4038 | 105.23 Tay | 10/30/2022 | Books | MIET Library, Jammu | MIET Library, Jammu | BL-Academic Block A, FL-1, CUP-21, SH-5, R-5 | 07/25/2001 | BE | ||||||
| BE 4039 | 105.23 Tay | 10/30/2022 | Books | Not For Loan | MIET Library, Jammu | MIET Library, Jammu | BL-Second, FL-1, CUP-57, SH-1, R-1 | 07/25/2001 | BE | 195.00 | ||||
| BE 4040 | 105.23 Tay | 10/30/2022 | Books | MIET Library, Jammu | MIET Library, Jammu | BL-Academic Block A, FL-1, CUP-21, SH-5, R-5 | 07/25/2001 | BE | 195.00 |